[Event "Mondiale Lampo FIDE 2019"]
[Site "Mosca"]
[Date "29.12.2019"]
[Round "3.39"]
[White "Vitiugov, Nikita"]
[Black "Shcherbakov, Ruslan"]
[Result "1/2-1/2"]
[WhiteTitle "GM"]
[BlackTitle "GM"]
[WhiteElo "2747"]
[BlackElo "2527"]
[WhiteFideId "4152956"]
[BlackFideId "4102240"]
[EventDate "2019.12.29"]

1. d4 Nf6 2. Bg5 Ne4 3. Bf4 c5 4. f3 Qa5+ 5. c3 Nf6 6. d5 e6 7. e4 exd5 8. exd5
d6 9. Na3 Be7 10. Nc4 Qc7 11. a4 O-O 12. Ne2 Nh5 13. Be3 Nd7 14. g4 Bh4+ 15. Bf2
Bxf2+ 16. Kxf2 Nhf6 17. g5 Nh5 18. Ng3 Nf4 19. Qd2 Ng6 20. h4 Nge5 21. h5 f6 22.
g6 h6 23. Ne3 f5 24. Nexf5 Nf6 25. Bh3 c4 26. Kg2 Nd3 27. Rae1 Bxf5 28. Bxf5
Nxe1+ 29. Rxe1 Rae8 30. Be6+ Kh8 31. Qd4 a6 32. Re2 Ng8 33. f4 Nf6 34. Kh3 Re7
35. f5 b5 36. axb5 axb5 37. Re1 Qa7 38. Qxa7 Rxa7 39. Ne4 Nxe4 40. Rxe4 Re7 41.
Kg4 Rc7 42. Bf7 Rb7 43. Re6 b4 44. Rxd6 bxc3 45. bxc3 Rb3 46. Rc6 Rxc3 47. d6
Rd3 48. Kf4 Rd8 49. Ke5 c3 50. Be6 c2 51. Rxc2 R3xd6 52. f6 gxf6+ 53. Kxf6 Re8
54. Re2 Rdxe6+ 55. Rxe6 Rxe6+ 56. Kxe6 Kg7 57. Ke7 Kg8 58. Kf6 Kf8 59. g7+ Kg8
60. Kg6 1/2-1/2

[Event "Mondiale Lampo FIDE 2019"]
[Site "Mosca"]
[Date "29.12.2019"]
[Round "3.40"]
[White "Socko, Bartosz"]
[Black "Dominguez Perez, Leinier"]
[Result "1-0"]
[WhiteTitle "GM"]
[BlackTitle "GM"]
[WhiteElo "2618"]
[BlackElo "2758"]
[WhiteFideId "1107038"]
[BlackFideId "3503240"]
[EventDate "2019.12.29"]

1. d4 Nf6 2. c4 e6 3. Nf3 d5 4. g3 Be7 5. Bg2 O-O 6. O-O dxc4 7. Ne5 Nc6 8. Bxc6
bxc6 9. Nxc6 Qe8 10. Nxe7+ Qxe7 11. Qc2 c5 12. Qxc4 cxd4 13. Qxd4 e5 14. Qh4 Qb7
15. Nc3 Be6 16. e4 Rac8 17. f3 Nd7 18. g4 Nc5 19. Rd1 Qa6 20. Be3 Nd3 21. Rab1
Nxb2 22. Rxb2 Rxc3 23. Rd8 Rc8 24. Rbd2 f6 25. Rxf8+ Rxf8 26. Qf2 Rc8 27. Bxa7
h6 28. Kg2 Kh7 29. Bc5 Qc4 30. Be3 Qa4 31. h4 Rc3 32. g5 fxg5 33. hxg5 h5 34.
g6+ Kxg6 35. Qg3+ Kh7 36. Qxe5 Qc6 37. Qxh5+ 1-0

[Event "Mondiale Lampo FIDE 2019"]
[Site "Mosca"]
[Date "29.12.2019"]
[Round "3.42"]
[White "Huzman, Alexander"]
[Black "Meier, Georg"]
[Result "1/2-1/2"]
[WhiteTitle "GM"]
[BlackTitle "GM"]
[WhiteElo "2567"]
[BlackElo "2626"]
[WhiteFideId "2803828"]
[BlackFideId "4675789"]
[EventDate "2019.12.29"]

1. Nf3 d5 2. d4 Nf6 3. c4 e6 4. g3 Bb4+ 5. Bd2 Be7 6. Bg2 Nbd7 7. O-O c6 8. Qb3
O-O 9. Bf4 a5 10. Rc1 h6 11. h3 Nh5 12. Bd2 Nhf6 13. Bf4 Nh5 14. Bd2 Bd6 15. Qc2
f5 16. e3 Nhf6 17. Nc3 Ne4 18. Be1 Qe7 19. a3 Ng5 20. Ne2 Nxf3+ 21. Bxf3 Nf6 22.
Nf4 Qf7 23. Nd3 Ne4 24. Ne5 Bxe5 25. dxe5 Bd7 26. h4 g5 27. hxg5 hxg5 28. b4
axb4 29. Bxb4 Rfc8 30. Kg2 c5 31. Bc3 Ba4 32. Qe2 Nxc3 33. Rxc3 g4 34. Bxg4 Qg7
35. Bf3 Qxe5 36. Rac1 Bc6 37. cxd5 Bxd5 38. Bxd5 Qxd5+ 39. e4 Qxe4+ 40. Qxe4
fxe4 41. Rxc5 Rxc5 42. Rxc5 Rxa3 43. Rb5 Ra2 44. Kf1 Kf7 45. Rxb7+ Kf6 46. Rb5 1/2-1/2

[Event "Mondiale Lampo FIDE 2019"]
[Site "Mosca"]
[Date "29.12.2019"]
[Round "3.43"]
[White "Turov, Maxim"]
[Black "Kamsky, Gata"]
[Result "1/2-1/2"]
[WhiteTitle "GM"]
[BlackTitle "GM"]
[WhiteElo "2574"]
[BlackElo "2677"]
[WhiteFideId "4120086"]
[BlackFideId "2000024"]
[EventDate "2019.12.29"]

1. d4 d5 2. c4 c6 3. Nc3 Nf6 4. Nf3 a6 5. c5 g6 6. Bf4 Nh5 7. Bd2 Bg7 8. g3 Nf6
9. Bg2 Bf5 10. O-O O-O 11. Nh4 Bg4 12. h3 Bc8 13. Nf3 Bf5 14. Nh4 Be6 15. Nf3
Qc8 16. Kh2 Ne4 17. Bf4 Rd8 18. e3 h6 19. g4 Nf6 20. Ne5 Nbd7 21. Na4 Re8 22.
Nxd7 Nxd7 23. Bg3 f5 24. gxf5 Bxf5 25. f3 e5 26. e4 Be6 27. dxe5 dxe4 28. f4 Bd5
29. Qc2 Qc7 30. Bxe4 Bxe4 31. Qxe4 Nf8 32. Rad1 Rad8 33. Nb6 Qf7 34. b3 Ne6 35.
Qe3 Bf8 36. b4 Ng7 37. Qb3 Qxb3 38. axb3 Kf7 39. Nc4 Rxd1 40. Rxd1 Ke6 41. Kg2
Be7 42. Na5 Rb8 43. Kf3 Nf5 44. Bf2 h5 45. Ke4 Bf8 46. Nc4 Be7 47. Ne3 Rd8 48.
Rg1 Nxe3 49. Bxe3 Rg8 50. Rxg6+ Rxg6 51. f5+ Kf7 52. fxg6+ Kxg6 53. Bd4 Bg5 54.
Bc3 Bh4 55. e6 Bg3 56. Kf3 Bc7 57. Ke4 Bg3 58. Bd4 Bc7 59. Be5 Bd8 60. Bd6 Bf6
61. Be5 Bh4 62. Bd4 Be1 63. Kf4 Bh4 64. Ke5 Bg3+ 65. Ke4 Be1 66. Kf4 Bh4 67. Bc3
Bd8 68. Ke4 Bh4 69. Bd4 Bg3 70. Be5 Be1 71. Bd4 Bg3 72. Bc3 Bc7 73. Be5 Bd8 74.
Bd6 Bh4 75. Ke5 Bg3+ 76. Ke4 Be1 1/2-1/2

[Event "Mondiale Lampo FIDE 2019"]
[Site "Mosca"]
[Date "29.12.2019"]
[Round "3.44"]
[White "Vokhidov, Shamsiddin"]
[Black "Amin, Bassem"]
[Result "0-1"]
[WhiteTitle "IM"]
[BlackTitle "GM"]
[WhiteElo "2526"]
[BlackElo "2683"]
[WhiteFideId "14204223"]
[BlackFideId "10601457"]
[EventDate "2019.12.29"]

1. e4 e5 2. Nf3 Nc6 3. Nc3 Nf6 4. Bb5 Bb4 5. O-O O-O 6. d3 Bxc3 7. bxc3 d6 8.
Bg5 Qe7 9. Re1 Nd8 10. d4 Ne6 11. Bc1 c5 12. a4 Rd8 13. h3 h6 14. Bf1 Nf8 15. a5
g5 16. g3 Ng6 17. Bg2 Kh7 18. d5 Rg8 19. c4 Qc7 20. Ra3 Bd7 21. Nd2 Raf8 22. Nf1
Qc8 23. Kh2 Ne8 24. Ne3 Ng7 25. g4 Nf4 26. Nf5 Nxf5 27. gxf5 f6 28. Bf3 Be8 29.
Rg1 Bf7 30. Bxf4 exf4 31. Bh5 Qe8 32. Bxf7 Rxf7 33. f3 h5 34. Rb3 Rfg7 35. Qe2
Qe5 36. Kh1 Qd4 37. c3 Qe5 38. Qb2 Qe7 39. Rb1 Rb8 40. Qh2 Qe5 41. Rg1 Kg8 42.
Qe2 Kf8 43. Rg2 Ke8 44. Rg1 Kd7 45. Qb2 Kc8 46. Qe2 Kc7 47. Qb2 g4 48. Qe2 Rbg8
49. Rgb1 Kc8 50. Qb2 Qe7 51. a6 b6 52. Rxb6 axb6 53. Qxb6 Qc7 54. a7 Qxb6 55.
a8=Q+ Kc7 0-1

[Event "Mondiale Lampo FIDE 2019"]
[Site "Mosca"]
[Date "29.12.2019"]
[Round "3.45"]
[White "Adly, Ahmed"]
[Black "Piorun, Kacper"]
[Result "1-0"]
[WhiteTitle "GM"]
[BlackTitle "GM"]
[WhiteElo "2607"]
[BlackElo "2611"]
[WhiteFideId "10601619"]
[BlackFideId "1130420"]
[EventDate "2019.12.29"]

1. Nf3 e6 2. g3 d5 3. Bg2 Nf6 4. O-O Be7 5. d4 b5 6. a4 b4 7. c4 bxc3 8. Nxc3
O-O 9. Bf4 a5 10. Qb1 c6 11. Rc1 Nfd7 12. h4 h6 13. e4 Na6 14. exd5 exd5 15. Na2
Bb7 16. Qf5 Nf6 17. Ne5 Qc8 18. Qxc8 Rfxc8 19. Bh3 Re8 20. Nxc6 Bxc6 21. Rxc6
Nb4 22. Nxb4 Bxb4 23. Bxh6 gxh6 24. Rxf6 Re2 25. Rc1 Ra7 26. Rf5 Rxb2 27. Rxd5
Ra2 28. Bd7 Kg7 29. Rd1 Rc7 30. Bb5 Rcc2 31. Rf5 Rd2 32. Rc1 Kg6 33. Rf4 f6 34.
Rc7 h5 35. Be8+ 1-0

[Event "Mondiale Lampo FIDE 2019"]
[Site "Mosca"]
[Date "29.12.2019"]
[Round "3.46"]
[White "Sargissian, Gabriel"]
[Black "Yanchenko, Roman"]
[Result "1-0"]
[WhiteTitle "GM"]
[BlackTitle "FM"]
[WhiteElo "2689"]
[BlackElo "2463"]
[WhiteFideId "13300881"]
[BlackFideId "4137329"]
[EventDate "2019.12.29"]

1. d4 d5 2. c4 e6 3. Nf3 Nf6 4. g3 c6 5. Bg2 Be7 6. O-O O-O 7. Nc3 Nbd7 8. Qd3
h6 9. e4 dxe4 10. Nxe4 Nxe4 11. Qxe4 Nf6 12. Qe2 c5 13. Rd1 Qb6 14. Be3 Bd7 15.
Ne5 cxd4 16. Rxd4 Qc7 17. Bf4 Qc8 18. Rad1 Bc6 19. Nxc6 bxc6 20. Be5 Qa6 21. b3
Rad8 22. Rxd8 Rxd8 23. Rxd8+ Bxd8 24. Qd2 Be7 25. Bf3 c5 26. Kg2 Qb6 27. h4 Qd8
28. Qxd8+ Bxd8 29. Bd6 Bb6 30. Bc6 g5 31. hxg5 hxg5 32. a3 a5 33. Kf3 Kg7 34.
Be5 Kg6 35. g4 Ng8 36. Ke2 f6 37. Bd6 f5 38. Be8+ Kf6 39. f3 Nh6 40. Bh5 Nf7 41.
Bxf7 Kxf7 42. Kd3 Ke8 43. Bg3 Kd7 44. Bf2 Kc6 45. Be3 Bd8 46. Bd2 Bf6 47. Bxa5
Bb2 48. a4 Bf6 49. Bd2 Be7 50. Be3 Bd8 51. Bd2 Be7 52. Bc1 Bf6 53. Be3 Bd8 54.
Bd2 Be7 55. a5 Kb7 56. Kc2 Ka6 57. Kb2 Bd8 58. Ka3 Bf6 59. b4 cxb4+ 60. Kxb4
Be7+ 61. c5 e5 62. gxf5 e4 63. fxe4 g4 64. e5 g3 65. f6 Bf8 66. e6 g2 67. Be3
Bh6 68. Bg1 Bg5 69. e7 1-0

[Event "Mondiale Lampo FIDE 2019"]
[Site "Mosca"]
[Date "29.12.2019"]
[Round "3.47"]
[White "Anton Guijarro, David"]
[Black "Carlsson, Pontus"]
[Result "0-1"]
[WhiteTitle "GM"]
[BlackTitle "GM"]
[WhiteElo "2685"]
[BlackElo "2456"]
[WhiteFideId "2285525"]
[BlackFideId "1705814"]
[EventDate "2019.12.29"]

1. Nf3 Nf6 2. c4 c5 3. Nc3 e6 4. g3 b6 5. e4 d6 6. d4 cxd4 7. Nxd4 Bb7 8. Bg2 a6
9. O-O Qc7 10. Re1 Be7 11. Bf4 Nbd7 12. Rc1 Ne5 13. b3 O-O 14. h3 Rac8 15. Be3
Rfe8 16. f4 Ned7 17. Bf2 Bf8 18. Qd2 Rcd8 19. g4 g6 20. Nde2 Qb8 21. g5 Nh5 22.
Bf3 Ng7 23. Ng3 f6 24. gxf6 Nxf6 25. Bg2 Ba8 26. Rcd1 b5 27. cxb5 axb5 28. Qd4
e5 29. fxe5 dxe5 30. Qb6 b4 31. Qxb8 Rxb8 32. Nd5 Nfh5 33. Nxh5 Nxh5 34. Bf3
Bxd5 35. exd5 Nf4 36. Kh2 Bd6 37. Be4 Nh5 38. Bh4 Rf8 39. Rf1 Rf4 40. Rxf4 exf4
41. Kg2 Re8 42. Kf3 Ng3 43. Bxg3 fxg3 44. Rc1 Rf8+ 45. Ke3 Bf4+ 0-1

[Event "Mondiale Lampo FIDE 2019"]
[Site "Mosca"]
[Date "29.12.2019"]
[Round "3.48"]
[White "Iturrizaga Bonelli, Eduardo"]
[Black "Gajewski, Grzegorz"]
[Result "1-0"]
[WhiteTitle "GM"]
[BlackTitle "GM"]
[WhiteElo "2597"]
[BlackElo "2626"]
[WhiteFideId "3901211"]
[BlackFideId "1116207"]
[EventDate "2019.12.29"]

1. c4 e5 2. g3 c6 3. Nf3 d6 4. Nc3 f5 5. d4 e4 6. Ng5 Nf6 7. Bg2 d5 8. Qb3 Qb6
9. c5 Qd8 10. f3 h6 11. Nh3 g5 12. fxe4 fxe4 13. Nf2 Bg7 14. Be3 Qe7 15. h4 g4
16. Bf4 Be6 17. e3 Nh5 18. Bd6 Qd7 19. Ne2 b6 20. Rc1 bxc5 21. Bxc5 Na6 22. Ba3
Nc7 23. Qb7 Kf7 24. O-O Nb5 25. Qxd7+ Bxd7 26. Nxe4+ Kg6 27. Nc5 Be8 28. Bb4 a5
29. Bd2 Nd6 30. e4 Nxg3 31. Nxg3 Bxd4+ 32. Kh1 Nc4 33. Ne6 Be5 34. Bf4 Bxb2 35.
Rc2 Rb8 36. Bxb8 1-0

[Event "Mondiale Lampo FIDE 2019"]
[Site "Mosca"]
[Date "29.12.2019"]
[Round "3.49"]
[White "Kazhgaleyev, Murtas"]
[Black "Postny, Evgeny"]
[Result "1/2-1/2"]
[WhiteTitle "GM"]
[BlackTitle "GM"]
[WhiteElo "2569"]
[BlackElo "2605"]
[WhiteFideId "13700316"]
[BlackFideId "2804344"]
[EventDate "2019.12.29"]

1. d4 Nf6 2. c4 e6 3. Nc3 Bb4 4. e3 d5 5. a3 Bxc3+ 6. bxc3 c6 7. Nf3 O-O 8. Be2
b6 9. O-O Ba6 10. Nd2 Nbd7 11. a4 c5 12. a5 bxa5 13. cxd5 Bxe2 14. Qxe2 Nxd5 15.
c4 Nb4 16. Nb3 cxd4 17. exd4 Nc6 18. Be3 Rb8 19. Qa2 Nb6 20. Rfc1 a4 21. Nc5
Nxd4 22. Rd1 e5 23. Nxa4 Nxa4 24. Qxa4 Rb7 25. c5 Rd7 26. Bxd4 exd4 27. c6 Rd6
28. Qxa7 Rxc6 29. Qxd4 1/2-1/2

[Event "Mondiale Lampo FIDE 2019"]
[Site "Mosca"]
[Date "29.12.2019"]
[Round "3.50"]
[White "Drygalov, Sergey"]
[Black "Sarana, Alexey"]
[Result "0-1"]
[WhiteTitle "IM"]
[BlackTitle "GM"]
[WhiteElo "2473"]
[BlackElo "2663"]
[WhiteFideId "24171743"]
[BlackFideId "24133795"]
[EventDate "2019.12.29"]

1. e4 c5 2. Nf3 d6 3. Bb5+ Nd7 4. d4 cxd4 5. Qxd4 a6 6. Bxd7+ Qxd7 7. Nc3 e5 8.
Qd3 Qc6 9. O-O Be6 10. Rd1 Nf6 11. Bg5 Nd7 12. Rac1 Rc8 13. Nd5 h6 14. Be3 Bxd5
15. exd5 Qc4 16. b3 Qxd3 17. cxd3 Kd8 18. Nd2 Be7 19. d4 f5 20. dxe5 Nxe5 21.
Rxc8+ Kxc8 22. Rc1+ Kd7 23. Nc4 Nxc4 24. Rxc4 Re8 25. g4 fxg4 26. Rxg4 Bf6 27.
Rb4 b5 28. a4 Bc3 29. Rf4 bxa4 30. Rxa4 Re5 31. Rxa6 Rxd5 32. Kf1 Be5 33. h3
Rd1+ 34. Ke2 Rh1 35. b4 Rb1 36. Rb6 Ke6 37. b5 Kf5 38. Rb7 d5 39. b6 d4 40. Bd2
Rb3 41. Rf7+ Ke4 42. f3+ Kd5 43. Rb7 d3+ 44. Ke3 Bd4+ 45. Kf4 Rxb6 46. Rd7+ Kc4
47. Rc7+ Bc5 48. Be3 Rf6+ 49. Ke5 Rxf3 50. Rxc5+ Kb4 51. Rd5 0-1

[Event "Mondiale Lampo FIDE 2019"]
[Site "Mosca"]
[Date "29.12.2019"]
[Round "3.51"]
[White "Antipov, Mikhail Al."]
[Black "Sutovsky, Emil"]
[Result "1-0"]
[WhiteTitle "GM"]
[BlackTitle "GM"]
[WhiteElo "2549"]
[BlackElo "2643"]
[WhiteFideId "4107012"]
[BlackFideId "2802007"]
[EventDate "2019.12.29"]

1. e4 e5 2. Nf3 Nc6 3. Bc4 Bc5 4. O-O Nf6 5. d3 d6 6. c3 O-O 7. Re1 Bb6 8. h3
Ne7 9. a4 a5 10. d4 Ng6 11. Bd3 h6 12. Bc2 Re8 13. Nbd2 Nh5 14. Nc4 Ba7 15. dxe5
dxe5 16. Qxd8 Rxd8 17. Nfxe5 Ngf4 18. Be3 Be6 19. Bxa7 Rxa7 20. Ne3 f6 21. N5c4
Ng6 22. g3 Ne5 23. Nxe5 fxe5 24. Rad1 Rf8 25. Kg2 Ra6 26. Bd3 Rb6 27. Bc4 Kh7
28. Bxe6 Rxe6 29. Nc4 b6 30. Rd7 Ref6 31. Re2 Rg6 32. Re3 Nf4+ 33. Kh2 Ne6 34.
f3 Rgf6 35. Nxe5 Nc5 36. Rxc7 Nxa4 37. Rd3 Nc5 38. Rd5 a4 39. Kg2 Ra8 40. Ng4
Rg6 41. Ne3 a3 42. bxa3 Rxa3 43. h4 Rxc3 44. Nf5 Nxe4 45. Rxc3 Nxc3 46. Rd7 b5
47. h5 Rf6 48. Nxg7 Kg8 49. Ne8 Re6 50. Nd6 b4 51. Nc4 Rc6 52. Na5 Ra6 53. Nc4
Rc6 54. Rd4 Rc5 55. Nd2 Rb5 56. Nb3 Na2 57. g4 Re5 58. Kg3 Re3 59. Nc5 b3 60.
Rd8+ Kg7 61. Rb8 Nc3 62. Rb7+ Kg8 63. Rb6 Kg7 64. Ne6+ Kh7 65. Nd4 Rd3 66. Nf5
Rd2 67. Rxh6+ Kg8 68. Rg6+ Kf8 69. Rf6+ Kg8 70. Rb6 b2 71. Ne3 Na4 72. Nc4 Rc2
73. Nxb2 Nxb2 74. g5 Nc4 75. Rc6 Rc1 76. Kf4 Rc3 77. Rc5 Nb6 78. Rxc3 Nd5+ 79.
Ke5 Nxc3 80. f4 Ne2 81. f5 Ng3 82. h6 Kh7 83. Kf4 Ne2+ 84. Ke4 Ng1 85. Ke5 Nh3
86. Kf6 Nf4 87. Kf7 Nh5 88. f6 Nf4 89. Ke8 1-0

[Event "Mondiale Lampo FIDE 2019"]
[Site "Mosca"]
[Date "29.12.2019"]
[Round "3.52"]
[White "Quparadze, Giga"]
[Black "Reshetnikov, Alexey"]
[Result "1-0"]
[WhiteTitle "GM"]
[BlackTitle "IM"]
[WhiteElo "2462"]
[BlackElo "2492"]
[WhiteFideId "13602250"]
[BlackFideId "4162080"]
[EventDate "2019.12.29"]

1. e4 c5 2. Nf3 Nc6 3. Bb5 e6 4. O-O Nge7 5. Re1 a6 6. Bf1 d5 7. exd5 Qxd5 8.
Nc3 Qd8 9. Ne4 Nf5 10. b3 Be7 11. Bb2 O-O 12. h3 b6 13. g4 Nfd4 14. Nxd4 Nxd4
15. Bg2 Bb7 16. Nf6+ Bxf6 17. Bxb7 Ra7 18. Bg2 Nf3+ 19. Qxf3 Bxb2 20. Rad1 Bf6
21. a4 Rd7 22. d3 Rd4 23. Re4 Qc7 24. Rde1 Rfd8 25. R1e2 b5 26. Rxd4 Bxd4 27.
Qb7 Qa5 28. Bc6 bxa4 29. Bxa4 g6 30. Kg2 Rf8 31. Bc6 Qa1 32. Bf3 a5 33. Qd7 Qc3
34. h4 Bf6 35. g5 Bg7 36. h5 Qd4 37. Qc7 Re8 38. Re4 Qd5 39. Rg4 Qe5 40. Qd7 Rf8
41. hxg6 hxg6 42. Qc6 Qc3 43. Rc4 Qd2 44. Qxc5 Rd8 45. Qe3 Qxe3 46. fxe3 Bf8 47.
Kg3 Be7 48. Kg4 Rb8 49. Bc6 Rb4 50. d4 Kf8 51. Ba4 Rb7 52. Rc8+ Kg7 53. c4 Bb4
54. c5 Re7 55. Kf3 f6 56. gxf6+ Kxf6 57. e4 g5 58. d5 exd5 59. exd5 Ke5 60. d6
Rf7+ 61. Ke2 Ke6 62. Re8+ Kd5 63. d7 1-0

[Event "Mondiale Lampo FIDE 2019"]
[Site "Mosca"]
[Date "29.12.2019"]
[Round "3.53"]
[White "Ganguly, Surya Shekhar"]
[Black "Riazantsev, Alexander"]
[Result "0-1"]
[WhiteTitle "GM"]
[BlackTitle "GM"]
[WhiteElo "2633"]
[BlackElo "2639"]
[WhiteFideId "5002150"]
[BlackFideId "4125029"]
[EventDate "2019.12.29"]

1. e4 c6 2. d4 d5 3. exd5 cxd5 4. Bd3 Nc6 5. c3 Nf6 6. Bf4 Bg4 7. Qb3 Na5 8.
Qa4+ Bd7 9. Qc2 Nh5 10. Bg5 h6 11. Bc1 Qc7 12. Ne2 a6 13. Nd2 Bb5 14. Nf3 Bxd3
15. Qxd3 e6 16. Ne5 Bd6 17. Nf4 Nxf4 18. Bxf4 Nc6 19. Qe2 Bxe5 20. Bxe5 Nxe5 21.
dxe5 b5 22. O-O O-O 23. Rfd1 Rfc8 24. Rd4 Rab8 25. a3 Qe7 26. g3 Rc4 27. Rad1 a5
28. h4 Qc7 29. Kg2 Rc8 30. Qe3 Qc5 31. Qd2 b4 32. axb4 axb4 33. cxb4 Qxd4 34.
Qxd4 Rxd4 35. Rxd4 Rc2 36. h5 Rxb2 37. Rf4 Re2 38. Rd4 Kf8 39. Kf3 Rxe5 40. b5
Ke7 41. b6 Kd7 42. Ra4 Kc6 43. g4 Kxb6 44. Ra8 f5 45. g5 hxg5 46. Rg8 Re1 47.
Rxg7 g4+ 48. Kg2 Ra1 49. Re7 Kc5 50. Rxe6 Kd4 51. h6 f4 52. h7 Ra8 53. Rh6 Rh8
54. Rh4 Ke5 55. Kf1 Kf5 56. Ke2 Kg5 57. Rh1 Kg6 58. Rh4 Kg5 59. Rh1 d4 60. Kd3
g3 61. fxg3 fxg3 62. Kxd4 Kf4 63. Rf1+ Kg4 64. Rf7 g2 65. Ke3 g1=Q+ 0-1

[Event "Mondiale Lampo FIDE 2019"]
[Site "Mosca"]
[Date "29.12.2019"]
[Round "3.54"]
[White "Santos Ruiz, Miguel"]
[Black "Paravyan, David"]
[Result "0-1"]
[WhiteTitle "GM"]
[BlackTitle "GM"]
[WhiteElo "2585"]
[BlackElo "2629"]
[WhiteFideId "22291482"]
[BlackFideId "4194985"]
[EventDate "2019.12.29"]

1. e4 e5 2. Nf3 Nc6 3. Bc4 Bc5 4. c3 Nf6 5. d3 d6 6. O-O Bb6 7. a4 a5 8. Nbd2 h6
9. Re1 O-O 10. Nf1 Be6 11. Bxe6 fxe6 12. Be3 Bxe3 13. Nxe3 Qe8 14. g3 Qf7 15.
Kg2 d5 16. Nd2 Rad8 17. Qe2 Ne7 18. Rf1 Ng6 19. Nc2 Qd7 20. Rfd1 Qc6 21. f3 Nd7
22. d4 Qb6 23. Qb5 c6 24. Qxb6 Nxb6 25. b3 Kf7 26. h4 h5 27. Re1 Nd7 28. Re3 c5
29. dxe5 d4 30. cxd4 cxd4 31. Ree1 Ngxe5 32. f4 Nc6 33. Nf3 Nc5 34. Na3 Nxb3 35.
Rab1 Nc5 36. Rb5 Nxa4 37. Rxb7+ Kg8 38. Rc1 Nc3 39. Nxd4 Nxd4 40. Rxc3 Rc8 41.
Rxc8 Rxc8 42. Nb5 Rc2+ 43. Kf1 Rb2 44. Nd6 Rxb7 45. Nxb7 a4 0-1

[Event "Mondiale Lampo FIDE 2019"]
[Site "Mosca"]
[Date "29.12.2019"]
[Round "3.55"]
[White "Khanin, Semen"]
[Black "Grachev, Boris"]
[Result "1-0"]
[WhiteTitle "IM"]
[BlackTitle "GM"]
[WhiteElo "2500"]
[BlackElo "2614"]
[WhiteFideId "4111990"]
[BlackFideId "4129199"]
[EventDate "2019.12.29"]

1. e4 c5 2. Nf3 e6 3. d4 cxd4 4. Nxd4 Nf6 5. Nc3 Nc6 6. Ndb5 Bc5 7. Bf4 O-O 8.
Bc7 Qe7 9. Bd6 Bxd6 10. Qxd6 Qd8 11. Nc7 Rb8 12. Be2 a6 13. Rd1 b5 14. e5 Ne8
15. Nxe8 Rxe8 16. O-O Bb7 17. Bf3 Ne7 18. Bxb7 Rxb7 19. Qxa6 1-0

[Event "Mondiale Lampo FIDE 2019"]
[Site "Mosca"]
[Date "29.12.2019"]
[Round "3.56"]
[White "Sadhwani, Raunak"]
[Black "Tomashevsky, Evgeny"]
[Result "0-1"]
[WhiteTitle "IM"]
[BlackTitle "GM"]
[WhiteElo "2507"]
[BlackElo "2705"]
[WhiteFideId "35093487"]
[BlackFideId "4147235"]
[EventDate "2019.12.29"]

1. c4 Nf6 2. Nc3 e5 3. Nf3 Nc6 4. e4 Bb4 5. d3 d6 6. h3 a5 7. g3 Be6 8. Bg2 Qd7
9. Ng5 h6 10. Nxe6 fxe6 11. O-O Bc5 12. Be3 O-O 13. Kh2 Rf7 14. Qd2 Raf8 15. a3
Bxe3 16. fxe3 Ne7 17. b4 axb4 18. axb4 b6 19. Qe2 Nc6 20. Qb2 Nh5 21. Rxf7 Qxf7
22. Nb5 Qf2 23. Qxf2 Rxf2 24. Nxc7 Nxb4 25. Nxe6 Nxd3 26. Ra8+ Kf7 27. Nd8+ Ke7
28. Kg1 Nxg3 29. Nc6+ Kd7 30. Nd8 Ne2+ 31. Kh1 Ne1 0-1

[Event "Mondiale Lampo FIDE 2019"]
[Site "Mosca"]
[Date "29.12.2019"]
[Round "3.57"]
[White "Triapishko, Alexandr"]
[Black "Bocharov, Dmitry"]
[Result "1-0"]
[WhiteTitle "IM"]
[BlackTitle "GM"]
[WhiteElo "2502"]
[BlackElo "2524"]
[WhiteFideId "14122286"]
[BlackFideId "4138716"]
[EventDate "2019.12.29"]

1. Nf3 c5 2. g3 Nc6 3. c4 e5 4. Nc3 g6 5. Bg2 Bg7 6. O-O d6 7. d3 Nge7 8. Ne1
Be6 9. Nd5 O-O 10. Nc2 Rb8 11. Rb1 b5 12. b3 f5 13. Bg5 h6 14. Bxe7 Nxe7 15.
Nxe7+ Qxe7 16. Ne3 Kh8 17. Nd5 Qd7 18. e3 g5 19. f4 exf4 20. exf4 Qf7 21. fxg5
hxg5 22. Qf3 b4 23. Rbe1 Rbe8 24. Kh1 Bd4 25. Qd1 Qh7 26. Bf3 Be5 27. Bh5 Bxd5+
28. cxd5 Re7 29. g4 Rf6 30. h3 f4 31. Qf3 Bd4 32. Re4 Rxe4 33. dxe4 Rf8 34. Kg2
Rc8 35. Qd3 Be5 36. Kf3 Qb7 37. Qc4 a6 38. Rh1 Kg7 39. h4 gxh4 40. Rxh4 Qe7 41.
Rh1 Ra8 42. Qf1 a5 43. Qb5 Qc7 44. g5 Rh8 45. Qc6 Qe7 46. Kg4 f3 47. Rf1 Rxh5
48. Kxh5 Qf8 49. Qd7+ 1-0

[Event "Mondiale Lampo FIDE 2019"]
[Site "Mosca"]
[Date "29.12.2019"]
[Round "3.58"]
[White "Yilmaz, Mustafa"]
[Black "Zvjaginsev, Vadim"]
[Result "1/2-1/2"]
[WhiteTitle "GM"]
[BlackTitle "GM"]
[WhiteElo "2604"]
[BlackElo "2627"]
[WhiteFideId "6302718"]
[BlackFideId "4113403"]
[EventDate "2019.12.29"]

1. d4 d5 2. c4 e6 3. Nc3 Nf6 4. cxd5 exd5 5. Bg5 Be7 6. e3 O-O 7. Bd3 c6 8. Qc2
Re8 9. h3 h6 10. Bf4 c5 11. dxc5 Nc6 12. Nge2 Bxc5 13. O-O d4 14. exd4 Nxd4 15.
Nxd4 Qxd4 16. Bg3 Bd7 17. Rad1 Qb4 18. a3 Qb6 19. Bc4 Rac8 20. Ba2 Be6 21. Bxe6
Rxe6 22. Na4 Qc6 23. Nxc5 Qxc5 24. Rd8+ Re8 25. Qxc5 Rxc5 26. Rxe8+ Nxe8 27. Rd1
Nf6 28. Rd8+ Kh7 29. Rb8 Rb5 30. b4 Kg6 31. Bf4 a5 32. bxa5 Rxa5 33. Rxb7 Rxa3
34. Rb5 1/2-1/2

[Event "Mondiale Lampo FIDE 2019"]
[Site "Mosca"]
[Date "29.12.2019"]
[Round "3.59"]
[White "Petrov, Nikita"]
[Black "Geller, Jakov"]
[Result "1-0"]
[WhiteTitle "GM"]
[BlackTitle "GM"]
[WhiteElo "2585"]
[BlackElo "2521"]
[WhiteFideId "4101286"]
[BlackFideId "4151984"]
[EventDate "2019.12.29"]

1. c4 e6 2. Nc3 d5 3. d4 c6 4. e3 Nf6 5. b3 Bd6 6. Bd3 O-O 7. Nge2 b6 8. Ng3 c5
9. O-O cxd4 10. exd4 Bb7 11. cxd5 Nxd5 12. Nce4 Bf4 13. Ba3 Re8 14. Qh5 g6 15.
Qe2 Nc6 16. Bb2 Bh6 17. Bc4 Bg7 18. Rad1 a6 19. Rfe1 b5 20. Nc5 Rb8 21. Nxb7
Rxb7 22. Bxd5 Qxd5 23. Ne4 Rbb8 24. Qe3 Ne7 25. Nc3 Qd7 26. Qf3 Red8 27. d5 exd5
28. Rd2 d4 29. Ne4 Qf5 30. Qg3 Nc6 31. Nd6 Qd5 32. Ne4 d3 33. Nf6+ Bxf6 34. Bxf6
Re8 35. Red1 Qe6 36. Be5 Qxe5 37. Qxd3 Qe1+ 38. Qf1 Qxf1+ 39. Kxf1 Kg7 40. Rd7
Rbd8 41. g3 Rxd7 42. Rxd7 Re6 43. Rb7 Nb4 44. a4 bxa4 45. Rxb4 axb3 46. Rxb3 a5
47. Ra3 Ra6 48. Ke2 Kf6 49. Kd3 Ke5 50. Kc4 Ke4 51. Re3+ Kf5 52. Rf3+ Ke6 53.
Re3+ Kd6 54. Kb5 Ra8 55. Ra3 a4 56. Kb6 Kd5 57. Kb7 Re8 58. Rxa4 Re1 59. Rf4 f5
60. h4 Ke5 61. Kc7 Rd1 62. Kc6 Rd2 63. Kc5 h6 64. Kc4 g5 65. hxg5 hxg5 66. Rf3
g4 67. Kc3 Re2 68. Rf4 Re4 69. Rxe4+ Kxe4 70. Kd2 Kf3 1-0